000 00630nam a2200229Ia 4500
003 OSt
005 20220918225215.0
006 a|||||r|||| 00| 0
007 ta
008 220917b |||||||| |||| 00| 0 eng d
024 _a238,607
037 _cTextual
040 _aARTS
_cARTS
_beng
041 _2eng
_aeng
082 _aV6132.N89, N8
100 _aDzimba John
_9150013
245 0 _aSouth Africa's destabilization of Zimbabwe, 1980-89
260 _aLesotho
_bNational University of Lesotho
_c1998
650 _aHISTORY
942 _hV6132.N89, N8
_cTEXL
_2CC
999 _c283925
_d283925